| 000 | 00671 a2200217 4500 | ||
|---|---|---|---|
| 999 |
_c11156 _d11156 |
||
| 020 | _a9780745650081 (pbk.) | ||
| 050 | 0 | 0 |
_aHM 585 _bBRO 2011 |
| 100 | 1 |
_aBrowne, Ken, _d1951- |
|
| 245 | 1 | 3 |
_aAn introduction to sociology / _cKen Browne. |
| 250 | _afourth edition | ||
| 264 |
_aMaiden : _bPolity Press, _cc2011 |
||
| 300 |
_a564 pages _billustrations |
||
| 336 |
_2rdatext _atext _btxt |
||
| 337 |
_2rdamedia _aunmediated _bn |
||
| 338 |
_2rdacarrier _avolume _bnc |
||
| 500 | _aIncludes index. | ||
| 650 | 0 | _aSociology. | |
| 651 | 0 | _aGreat Britain | |
| 942 |
_2lcc _cBK _efourth edition _h585 _iBRO _kHM |
||